Vista normal Vista MARC

Entrada Topical Term

Número de registros utilizados en: 1

001 - CONTROL NUMBER

  • control field: 26354

003 - CONTROL NUMBER IDENTIFIER

  • control field: OSt

005 - DATE AND TIME OF LATEST TRANSACTION

  • control field: 20210310224010.0

008 - FIXED-LENGTH DATA ELEMENTS

  • fixed length control field: 210310|| aca||aabn | a|a d

040 ## - CATALOGING SOURCE

  • Original cataloging agency: OSt
  • Transcribing agency: OSt

150 ## - HEADING--TOPICAL TERM

  • Topical term or geographic name entry element: Violencia política.-- Condiciones sociales.-- Condiciones económicas.-- Relaciones internacionales

670 ## - SOURCE DATA FOUND

  • Source citation: Work cat.: (OSt): Restrepo Moreno, Luis Alberto 26352, Sintesis 99 anuario social, politico y economoco de Colombia, 1999